000 00319nam a22001457a 4500
008 210427b ||||| |||| 00| 0 eng d
020 _a9780136154181
041 _aeng
080 _26th
_a338
082 _a338
100 _a54
101 _aMEN
245 _aInternational Management
_cDeresky,H
942 _2udc
_cBK
999 _c56827
_d56827